|
|
|
|
| LEADER |
00000naa2a2200000 4500 |
| 001 |
205879 |
| 005 |
20231031190548.0 |
| 035 |
|
|
|a (RuTPU)RU\TPU\book\224402
|
| 035 |
|
|
|a RU\TPU\book\224397
|
| 090 |
|
|
|a 205879
|
| 100 |
|
|
|a 20111216d1975 k y0rusy50 ca
|
| 101 |
0 |
|
|a rus
|
| 102 |
|
|
|a RU
|
| 200 |
1 |
|
|a Оптимизация процесса пиролиза брикетированного гидролизного лигнина
|f Н. А. Соколова
|
| 320 |
|
|
|a Библиогр.: с. 99 (6 назв.)
|
| 461 |
|
0 |
|0 (RuTPU)RU\TPU\book\136931
|t Химия и химическая технология древесины
|o межвузовский сборник научных трудов
|f Сибирский технологический институт (СибТИ)
|d 1973-1977
|
| 463 |
|
0 |
|0 (RuTPU)RU\TPU\book\224347
|t Вып. 3
|v С. 91-99
|d 1975
|p 143 с.
|
| 700 |
|
1 |
|a Соколова
|b Н. А.
|
| 801 |
|
1 |
|a RU
|b 63413507
|c 20111216
|
| 801 |
|
2 |
|a RU
|b 63413507
|c 20111216
|g RCR
|
| 942 |
|
|
|c BK
|